Datum a čas kvízu

28.5 Celkem bodů Celkový počet nahraných bodů na tomto kvízu bez doplňovacích otázek.
8. Pořadí na kvízu Konečné umístění týmu na tomto kvízu.

Zaznamenané odpovědi

# Otázka Odpověď Body Výsledky
1. Minulý týden vykonal Miloš Zem... Štrbské pleso 1
2. Rada kalifornského města South... pávi 1
3. Letošní předávání hudebních ce... Harry Styles, One Direction 0.5
4. Dva maloobchodní řetězce oznám... Lidl, Kaufland 0
5. Minulý týden padl v severoamer... LeBron James 1
6. Toto téma vyhrálo minulý týden... Wednesday 0
7. Který herec a herečka, narozen... Jaroslav Dušek, Eva Holubová 1
8. Které tvrzení o filmu Top Gun:... C 0
9. Příběhem které firmy založené... Spotify 0
10. Jak se jmenuje tato seriálová... Chlap 0